000 00597nam a2200241Ia 4500
003 OSt
005 20220924114355.0
006 a|||||r|||| 00| 0
007 ta
008 220923b |||||||| |||| 00| 0 ara d
020 _c1.00
024 _a334834
037 _cTextual
040 _aARTS
_cARTS
_bara
041 _2ara
_aara
082 _aO28v, G5
245 0 _aRasalah fi-al-kitabata-al-Arabia
260 _aBaghdad
_bO.C.D miss Iraq
_c1935
300 _a26p.
_ccm.
650 _aARABIC LITERATURE
942 _hO28v, G5
_cTEXL
_2CC
999 _c393255
_d393255